000 00533nam a2200181 a 4500
005 20140412111302.0
008 001115s19uu xx 00 eng d
020 _a0-86163-630-9
050 _aM 635
_bBu988 1990
100 _aButterworth, Christine
245 _aVegetables /
_cby Christine Butterworth ; illustratedby Barbara Walker.
260 _aNottinghamshire, UK :
_bAward Pub., Inc,
_c1993.
300 _a25 p.
650 _aVegetable gardening
650 _aOrganic gardening
650 _aVegetables
999 _c103440
_d103440